000 03319nam0a2200433 4500
001 RU\NLR\BIBL_A\012314171
005 20260407110522.0
035 _a(NLR Aleph) 012314171
090 _a11386560
_c11386560
100 _a20200814d1901 |||y0rusy50 ca
101 0 _arus
102 _aRU
105 _ay z 000zy
181 0 _ai
_baxxe
182 0 _an
200 1 _aГосподину Государственному Секретарю
_fГосударственный Контроль. Департамент Гражданской Отчетности. 24 февраля 1901 года. № 1367
203 _aТекст
_bвизуальный
_cнепосредственный
210 _a[С.-Петербург
_cб. и.]
_d1901
215 _a1 с.
_d34
300 _aТекст начинается словами: Препровождая представление в Государственный Совет от 19 текущего Февраля за № 1155 о распространении на Сибирь действия статей 255-259 устава о зимских повинностях (изд. 1899 г.), определяющих порядок и сроки заключения земских смет в 14 губерниях Европейской России ...
300 _aВ конце текста: Подписал: Государственный Контролер, Генерал от Инфантерии Лобко; Скрепил: Генерал-Контролер Д. Белаго
300 _aНа с. 1: CCVI, 3
309 _aБез тит. л. и обл.
517 1 _aПрепровождая представление в Государственный Совет от 19 текущего Февраля за № 1155 о распространении на Сибирь действия статей 255-259 устава о зимских повинностях (изд. 1899 г.), определяющих порядок и сроки заключения земских смет в 14 губерниях Европейской России ...
606 1 _aГосударственный контроль
_jДокументы и материалы
_yРоссия
_91473177
_3RU\NLR\AUTH\66317029
606 1 _aПовинности земские
_jДокументы и материалы
_yСибирь
_zкон. 19 - нач. 20 вв.
_92388174
_3RU\NLR\AUTH\6601644936
686 3 _aХ819(2)071,011
686 3 _aУ26(28)187.45,011
702 1 _4720
_7ca
_8rus
_aЛобко
_bП. Л.
_cвоен. и гос. деятель
_f1838-1905
_gПавел Львович
_9198077
_3RU\NLR\AUTH\770198128
702 1 _4720
_aБелаго
_bД. Е.
_cгос. деятель
_f1847-1908
_gДмитрий Евграфович
_9197845
_3RU\NLR\AUTH\770197896
711 0 1 _aРоссия
_bГосударственная канцелярия
_3RU\NLR\AUTH\889934420
_9363940
711 0 1 _aРоссия
_bГосударственный контроль
_3RU\NLR\AUTH\889938294
_9371407
712 0 1 _4570
_aРоссия
_bДепартамент гражданской отчетности
_3RU\NLR\AUTH\889928218
_9352068
852 _aNLR
_j135/294-355 (20)
942 _cBOOK
980 _aNB